Formación para la profesión docente
Spremljeno u:
| Glavni autor: | |
|---|---|
| Format: | Knjiga |
| Jezik: | španjolski |
| Izdano: |
Madrid
Grupo FORCE
1998
|
| Serija: | Colección Monografías FORCE
|
| Teme: | |
| Oznake: |
Dodaj oznaku
Bez oznaka, Budi prvi tko označuje ovaj zapis!
|
MARC
| LEADER | 00000nam a2200000 a 4500 | ||
|---|---|---|---|
| 001 | UCN6575 | ||
| 003 | CL-VaPUC | ||
| 008 | 010928e19980000SP |||||||||||||||||spa|d | ||
| 082 | 0 | 4 | |a 370.71 |b MOR |2 21 |
| 100 | |a Moral Santaella, Cristina |e autora |9 499065 | ||
| 245 | 1 | 0 | |a Formación para la profesión docente |
| 300 | |a 364 p | ||
| 942 | |c BK | ||
| 945 | |d 20010928 00:00:00 |a crobeson | ||
| 260 | |a Madrid |b Grupo FORCE |c 1998 | ||
| 650 | 0 | |a Formación profesional de profesores |9 307493 | |
| 650 | 0 | |a Innovaciones pedagógicas |9 307471 | |
| 650 | 0 | |a Planificación de la educación |9 307333 | |
| 650 | 7 | |a FORMACION INICIAL DE DOCENTES |2 CL-VaPUC |9 335000 | |
| 583 | |a last modification |c 20010928 00:00:00 |k Rodrigo Vera | ||
| 490 | 0 | |a Colección Monografías FORCE | |
| 999 | |c 297280 |d 297278 | ||
| 952 | |0 0 |1 0 |4 0 |6 370_710000000000000_MOR_1998 |7 0 |8 A |9 351868 |a BIBEDU |b BIBEDU |c ES_NOD |d 2019-11-21 |i 3707091 |o 370.71 MOR 1998 |p 3707091 |r 2023-08-09 |w 2019-11-21 |y BK |k LIT | ||